| 000 | 01156nam a22003374i 4500 | ||
|---|---|---|---|
| 999 |
_c46706 _d46706 |
||
| 001 | 20355 | ||
| 003 | CO-MdFUSB | ||
| 005 | 20180622074839.0 | ||
| 008 | 180209b19871988xxu||||g |||| 00| 0 eng d | ||
| 020 | _a0-8028-0353-9 | ||
| 040 |
_aCO-MdFUSB _bspa _cCO-MdFUSB _dCO-MdFUSB _erda |
||
| 041 | _aeng | ||
| 082 |
_224 _aG 231.72 _bC538j |
||
| 100 | 1 |
_aChilton, Bruce _eautor |
|
| 242 | 0 | 0 |
_aJesús y la ética del reino _lInglés |
| 245 | 0 | 0 |
_aJesus and the ethics of the kingdom _c/ Bruce Chilton, J. I. H. McDonald _b: |
| 264 | 1 |
_aGrand Rapids, Michigan : _bWilliam B. Eerdmans Publishing ; _c℗1988 |
|
| 264 | 4 | _c©1987 | |
| 300 |
_axii, 148 páginas _b: _c21 cm. |
||
| 336 |
_2rdacontent _atexto _btxt |
||
| 337 |
_2rdamedia _asin mediación _bn |
||
| 338 |
_2rdacarrier _avolumen _bnc |
||
| 501 | _aIncluye índice (p. 145-148) | ||
| 504 | _aBibliografía (p. 135- 144) | ||
| 505 | 0 | 0 | _aEl reino de la palabra -- El reino de la obra -- La teología del reino -- El praxis del reino -- El desempeño del reino |
| 563 | _aRústico | ||
| 650 | 7 |
_9219 _aReino de Dios |
|
| 720 | _aJ.I.H. McDonald | ||
| 942 | _cBK | ||